| 000 | 00902pam a2200277 a 4500 | ||
|---|---|---|---|
| 999 |
_c3981 _d3981 |
||
| 001 | 3981 | ||
| 003 | BD-JhCC | ||
| 005 | 20171120165702.0 | ||
| 008 | 880628s1989 nyua j 000 1 eng | ||
| 020 | _a0027331504 | ||
| 035 | _a(BD-JhCC)3981 | ||
| 040 |
_aDLC _cDLC _dDLC _dBD-JhCC |
||
| 041 | _aeng | ||
| 050 | 0 | 0 |
_aPZ7.D7824 _bIae 1989 |
| 082 | 0 | 0 |
_a823.914 _219 _bDRA 1989 |
| 100 | 1 | _aDragonwagon, Crescent. | |
| 245 | 1 | 0 |
_aI hate my sister Maggie / _cCrescent Dragonwagon ; illustrated by Leslie Morrill. |
| 250 | _a1st ed. | ||
| 260 |
_aNew York : _bMacmillan, _cc1989. |
||
| 300 |
_a[32] p. : _bill. ; _c24 cm. |
||
| 520 | _aHarry is fed up with his brat of a younger sister, until his mother tells him a secret that puts things in a totally different perspective. | ||
| 650 | 1 |
_aBrothers and sisters _xFiction. |
|
| 700 | 1 | _aMorrill, Leslie H., | |
| 942 |
_2ddc _cBK |
||